01888nam a2200277Ia 450000500170000000800390001702000150005604100080007110000280007924500610010725000220016826400300019030000260022033600270024633700330027333800280030649000260033450400340036052010450039465000260143965000300146565000410149570000280153604000350156408400110159920220316235357.0121119s2002 sp gr 000 fdspa a848310508X1 aspa1 aVian, Boris,d1920-195913aLa hierba rojacBoris Vian ; traducción de Jordi Marti aSegunda edición 1aBarcelonabTusquestc2002 a194 páginasc19 cm. atextobtxt2rdacontent asin mediaciónbn2rdamedia avolumenbnc2rdacarrier0 aColección fábula  aIncluye biografía del autor3 aEl ingeniero Wolf y su ayudante, el mecánico Lazuli, construyen una máquina del tiempo gracias a la que Wolf pretende, mediante el retorno a su infancia, conjurar todos los errores y todas las obsesiones que le habían acosado entonces. Sólo exorcizando aquellas sombras estará, cree él, en condiciones de recuperar la facultad de gozar de los fugaces instantes de felicidad que le brinda la vida. Pero todos sabemos que los inquisidores no aceptan semejantes audacias y quién sabe si Wolf conseguirá sobreponerse a ellos…Esta es tal vez la novela más intimista y menos burlesca de Vian, y muchas de las situaciones remiten sin duda a su vida personal. No obstante, a la ternura que inspira esta historia, a la vez dolorosa y patética, Vian no puede dejar de añadir, como siempre en toda su obra, la desbordante fantasía y la lúcida insolencia que otorga a personajes e historias esa mágica y contagiosa vitalidad que atrapa de principio a fin a sus lectores de ayer y de hoy, más que incondicionales adictos.142LEMBaNovela francesa142LEMBaLiteratura francesa142LEMBaHistoria de aventuraszFrancia1 aMarti, Jordidtraductor aCO-BoRNBPbspaerdacCO-BoRNBP aN VIA2